00321nam a2200121Ia 4500008004100000040001600041041001200057082001700069100001800086245004600104260003200150300001700182230917s9999||||xx |||||||||||||| ||und|| e11566aMAIN aEnglish a301.045 A67M aAron, Raymond 0aMain currents in sociological thought. 2V aLondonbPenguin Booksc1988 a270 p. ; 282